| 000 | 00865nam a2200217Ia 4500 | ||
|---|---|---|---|
| 001 | 7266 | ||
| 003 | GE_BSU | ||
| 008 | 181216s||||||||xx |||||||||||||| ||und|| | ||
| 040 | _cGE_BSU | ||
| 080 | _a658:691(075) | ||
| 100 | _aВебер,Л.Б. | ||
| 245 | _aОрганизация и планирование предприятий по производству строительных изделий и конструкций. | ||
| 245 | _bУчебник. | ||
| 245 | _cРед. Л.Б.Гагулаева. | ||
| 260 | _aМ. | ||
| 260 | _bВысшая школа. | ||
| 260 | _c1969. | ||
| 300 | _a248стр.с илл.22см.библиогр.:стр.241-243. | ||
| 653 | _aОрганизация и планирование предприятий по производству строительных изделий и конструкций. | ||
| 942 | _cBK | ||
| 999 |
_c40638 _d40638 |
||